[Event "3rd OCF Thanksgiving"]
[Site "Stillwater USA"]
[Date "2011.11.26"]
[Round "5.5"]
[White "Holliman,B"]
[Black "Nickels,Erik J"]
[Result "1-0"]
[WhiteElo "2070"]
[BlackElo "1732"]
[WhiteFideId "2031752"]
[BlackFideId "2054590"]
[EventDate "2011.11.25"]
[EventType "swiss"]

1. d4 Nf6 2. Nf3 g6 3. g3 Bg7 4. Bg2 O-O 5. O-O d6 6. c4 Nbd7 7. Nc3 e5 8. Qc2
exd4 9. Nxd4 c6 10. b3 Nb6 11. Ba3 Qc7 12. Rfd1 Rd8 13. Rac1 Be6 14. Nxe6 fxe6
15. c5 dxc5 16. Bxc5 Nfd5 17. Ne4 Nd7 18. Bd6 Qb6 19. Bh3 Re8 20. Ng5 Bh6 21.
Bxe6+ Rxe6 22. Nxe6 Bxc1 23. Qxc1 Re8 24. Nf4 Nxf4 25. Bxf4 Nf6 26. Qc4+ Kg7 27.
Bc1 Rd8 28. Rxd8 Qxd8 29. Bb2 Qd2 30. Qd4 Qxd4 31. Bxd4 b6 32. e4 Kf7 33. Bxf6
Kxf6 34. f4 c5 35. Kf2 Ke6 36. Ke3 b5 37. g4 a5 38. g5 Kf7 39. Kd3 Ke7 40. a4 1-0

[Event "3rd OCF Thanksgiving"]
[Site "Stillwater USA"]
[Date "2011.11.26"]
[Round "5.6"]
[White "Anderson,M"]
[Black "Giminez,Randy"]
[Result "0-1"]
[WhiteElo "1837"]
[BlackElo "1811"]
[WhiteFideId "2038757"]
[BlackFideId "2047349"]
[EventDate "2011.11.25"]
[EventType "swiss"]

1. d4 d6 2. e4 Nd7 3. Nf3 e5 4. d5 Ngf6 5. Nc3 h6 6. Bd3 Be7 7. O-O a6 8. Be3
Nf8 9. h3 g5 10. Ne1 Ng6 11. Be2 Nf4 12. Kh2 Bd7 13. Nd3 Qc8 14. Nxf4 gxf4 15.
Bd2 h5 16. Rh1 h4 17. Kg1 Qb8 18. Kf1 Qa7 19. Be1 O-O-O 20. a4 Rdg8 21. b4 Qd4
22. b5 Qxd1 23. Rxd1 a5 24. Rb1 b6 25. Bf3 Nh7 26. Rb3 Ng5 27. Nb1 f5 28. Nd2
fxe4 29. Bxe4 Rf8 30. f3 Bf5 31. Bxf5+ Rxf5 32. Bf2 Nh7 0-1

[Event "3rd OCF Thanksgiving"]
[Site "Stillwater USA"]
[Date "2011.11.26"]
[Round "5.9"]
[White "Long,Ja1"]
[Black "Hatcher,Wayne L"]
[Result "1-0"]
[WhiteElo "2019"]
[BlackElo "1932"]
[WhiteFideId "2043181"]
[BlackFideId "2059975"]
[EventDate "2011.11.25"]
[EventType "swiss"]

1. e4 e6 2. Qe2 d5 3. exd5 Qxd5 4. Nc3 Qd8 5. Nf3 Nf6 6. g3 b6 7. Bg2 Bb7 8. O-O
Be7 9. d3 O-O 10. Bf4 Bd6 11. Bg5 h6 12. Bd2 Nbd7 13. d4 c6 14. Rfe1 Qc7 15. Ne5
a6 16. Nxd7 Qxd7 17. Rad1 Rad8 18. Na4 Bc7 19. b3 Qc8 20. c3 Nd7 21. Qg4 f5 22.
Qg6 Rf6 23. Qh5 b5 24. Nc5 Nxc5 25. dxc5 e5 26. Bc1 Rdf8 27. Bb2 Kh7 28. c4 g6
29. Qh4 Re6 30. Bc1 h5 31. Qg5 Bd8 32. Qh6+ Kg8 33. Rd6 Rf7 34. Red1 Bc7 35.
R6d3 Rh7 36. Qg5 Rhe7 37. cxb5 axb5 38. Bb2 Qe8 39. Qd2 Qf7 40. a4 bxa4 41. bxa4
e4 42. Qh6 Qh7 43. Qxh7+ Kxh7 44. Rb3 Be5 45. Bc1 Kg7 46. Bg5 Bf6 47. Bf4 Be5
48. Be3 Ba6 49. Bf1 Bxf1 50. Kxf1 Ra7 51. Rd8 Kf7 52. Bg5 Bf6 53. Bxf6 Kxf6 54.
Rd4 Ra5 55. Rc3 Ke5 56. Rb4 g5 57. Ke2 f4 58. gxf4+ gxf4 59. Rcc4 Kd5 60. Rd4+
Kxc5 61. Rxe4 Kd6 62. Kf3 Rxe4 63. Rxe4 Rd5 64. Kxf4 c5 65. a5 Kc6 66. a6 Kb6
67. Ra4 Rd7 68. Ke5 Ra7 69. Kd6 Kb5 70. Ra1 c4 71. Kd5 Rd7+ 72. Ke4 Ra7 73. Kd4
Rd7+ 74. Kc3 Ra7 75. f4 Kc5 76. Ra5+ Kb6 77. Rxh5 Rf7 78. f5 Kxa6 79. Kxc4 Rd7
80. f6 Rd1 81. Rf5 Rc1+ 82. Kd5 Rc8 83. f7 Rf8 84. Ke6 Kb6 85. Ke7 1-0

[Event "3rd OCF Thanksgiving"]
[Site "Stillwater USA"]
[Date "2011.11.26"]
[Round "6.2"]
[White "Johnson,C"]
[Black "Orton,W"]
[Result "0-1"]
[WhiteElo "1885"]
[BlackElo "2149"]
[WhiteFideId "2021919"]
[BlackFideId "2003112"]
[EventDate "2011.11.25"]
[EventType "swiss"]

1. d4 Nf6 2. c4 b6 3. Nc3 Bb7 4. f3 d5 5. cxd5 Nxd5 6. e4 Nxc3 7. bxc3 e5 8. Bc4
exd4 9. Qb3 Bc5 10. Ne2 O-O 11. cxd4 Bxd4 12. Nxd4 Qxd4 13. Bb2 Qd6 14. Rd1 Qg6
15. Qe3 Nc6 16. Rd5 Nb4 17. Rd2 Rfd8 18. Kf2 Rxd2+ 19. Qxd2 Nc6 20. Rd1 h6 21.
Bd5 Rd8 22. Qc1 Kh8 23. Qf4 Rd7 24. Rc1 Nb4 25. Bc4 Qg5 26. Qxg5 hxg5 27. Ke3
Ba6 28. Bxa6 Nxa6 29. h4 gxh4 30. Rh1 f6 31. Rxh4+ Kg8 32. e5 fxe5 33. Ra4 Nc5
34. Rxa7 Nd3 35. Ba3 Kf7 36. g3 Ke6 37. Bf8 Nb2 38. Ke2 Nc4 39. a4 g6 40. Bb4 c5
41. Rxd7 Kxd7 42. Bc3 Ke6 43. Kd3 Kd5 44. f4 exf4 45. gxf4 Nd6 46. a5 c4+ 47.
Kc2 bxa5 48. Bxa5 Nb5 49. Bd2 Ke4 0-1

[Event "3rd OCF Thanksgiving"]
[Site "Stillwater USA"]
[Date "2011.11.26"]
[Round "6.3"]
[White "Braunlich,T"]
[Black "Berry,Ja"]
[Result "1-0"]
[WhiteElo "2191"]
[BlackElo "2003"]
[WhiteFideId "2017016"]
[BlackFideId "2025990"]
[EventDate "2011.11.25"]
[EventType "swiss"]

1. d4 b5 2. e4 Bb7 3. Nd2 a6 4. Bd3 g6 5. c3 Bg7 6. Ngf3 Nf6 7. e5 Nd5 8. Ne4
O-O 9. h4 f6 10. h5 g5 11. h6 Bh8 12. Nexg5 fxg5 13. Bxh7+ 1-0

[Event "3rd OCF Thanksgiving"]
[Site "Stillwater USA"]
[Date "2011.11.26"]
[Round "6.6"]
[White "Nickels,Erik J"]
[Black "Wharry,S"]
[Result "1-0"]
[WhiteElo "1732"]
[BlackElo "2033"]
[WhiteFideId "2054590"]
[BlackFideId "2032945"]
[EventDate "2011.11.25"]
[EventType "swiss"]

1. d4 d5 2. c4 e6 3. Nc3 Nf6 4. Nf3 Nbd7 5. Bg5 c6 6. e3 Qa5 7. Bd3 dxc4 8. Bxc4
Ne4 9. Qc2 Nxg5 10. Nxg5 Qxg5 11. g3 Bb4 12. a3 Bxc3+ 13. Qxc3 O-O 14. h4 Qf6
15. g4 e5 16. g5 Qf3 17. Rg1 exd4 18. Qxd4 Nb6 19. g6 Qf6 20. gxf7+ Kh8 21. Qxf6
gxf6 22. Rg8+ Rxg8 23. fxg8=R# 1-0

[Event "3rd OCF Thanksgiving"]
[Site "Stillwater USA"]
[Date "2011.11.26"]
[Round "6.8"]
[White "Kelly,Joey M"]
[Black "Crumpler,Ken"]
[Result "1-0"]
[WhiteElo "1856"]
[BlackElo "1753"]
[WhiteFideId "2071207"]
[BlackFideId "2054647"]
[EventDate "2011.11.25"]
[EventType "swiss"]

1. d4 Nf6 2. Nf3 e6 3. Bg5 h6 4. Bh4 b6 5. Nbd2 Ba6 6. c3 d5 7. Qc2 Nbd7 8. Qa4
Bb7 9. e3 a6 10. Bd3 Be7 11. O-O O-O 12. Rfe1 Ne4 13. Bxe7 Qxe7 14. Qc2 Ndf6 15.
c4 c5 16. Rac1 Rac8 17. b3 cxd4 18. exd4 Nxd2 19. Qxd2 Ne4 20. Qe2 f5 21. cxd5
exd5 22. Bxa6 Rb8 23. Bxb7 Rxb7 24. Qb5 Ra8 25. Qxd5+ Qf7 26. Qxf7+ Rxf7 27. Rc2
Rd7 28. Kf1 g5 29. Rd1 Kg7 30. Ne5 Rd5 31. f3 Nc5 32. Rdd2 Ne6 33. Nc4 Rc8 34.
Nxb6 Rxc2 35. Rxc2 Rxd4 36. Nc4 Nf4 37. Rd2 1-0

[Event "3rd OCF Thanksgiving"]
[Site "Stillwater USA"]
[Date "2011.11.26"]
[Round "6.9"]
[White "Hatcher,Wayne L"]
[Black "Anderson,M"]
[Result "1-0"]
[WhiteElo "1932"]
[BlackElo "1837"]
[WhiteFideId "2059975"]
[BlackFideId "2038757"]
[EventDate "2011.11.25"]
[EventType "swiss"]

1. c4 c5 2. g3 g6 3. Bg2 Bg7 4. Nc3 Nf6 5. e4 Nc6 6. Nge2 O-O 7. O-O d6 8. d3
Rb8 9. d4 cxd4 10. Nxd4 Nxd4 11. Qxd4 b6 12. Re1 Bb7 13. Qd3 Re8 14. Bf4 Nd7 15.
Rac1 Ne5 16. Qe2 Ba6 17. b3 Bb7 18. Rc2 Nc6 19. Qd2 Ne5 20. h3 Bc8 21. Qe2 Bd7
22. Bc1 Nc6 23. Be3 Qc8 24. Kh2 Nd4 25. Bxd4 Bxd4 26. Nd5 Bg7 27. Qd3 Kh8 28. f4
Qd8 29. Rf1 Rf8 30. Re2 Rc8 31. Qe3 b5 32. Qd3 bxc4 33. bxc4 Rb8 34. Rb1 Re8 35.
Rb3 a5 36. Re1 a4 37. Rxb8 Qxb8 38. Rb1 Qa7 39. Nc3 Bc6 40. Nb5 Qf2 41. Nc3 f5
42. Rf1 Qb2 43. Nd5 fxe4 44. Qxe4 e6 45. Rb1 Qxa2 46. Re1 a3 47. Nb4 Bxe4 48.
Nxa2 Bxg2 49. Kxg2 Kg8 50. Re3 Bb2 51. Kf3 Kf7 52. Ke4 Rc8 53. Kd3 Rb8 54. Kc2
Rb7 55. Rd3 Ke7 56. Nc3 Rb4 57. Nb5 Rxc4+ 58. Kb3 Rc6 59. Nxa3 Bxa3 60. Kxa3 Rb6
61. Ka4 d5 62. Ka3 Kd6 63. g4 Rb5 64. Ka4 Rb6 65. Re3 Kc5 66. Ka5 Rd6 67. Rc3+
Kd4 68. Rc7 Ke4 69. f5 exf5 70. Re7+ Kf4 71. gxf5 Kxf5 72. Rxh7 d4 73. Rf7+ Ke4
74. Re7+ Kf3 75. Rf7+ Kg3 76. Kb4 Kxh3 77. Rf3+ Kg4 78. Rd3 g5 79. Kb3 Kf4 80.
Kc2 g4 81. Kd2 Ke4 82. Ke2 Rf6 83. Rg3 Kf4 84. Rd3 Re6+ 85. Kf2 Re4 86. Kg2 Ke5
87. Rd1 Re3 88. Kf2 Ke4 89. Ra1 Rf3+ 90. Ke2 d3+ 91. Kd2 Rf2+ 92. Ke1 Ke3 93.
Ra3 Rb2 94. Kf1 g3 95. Kg1 Ke2 96. Ra8 Kd2 97. Kg2 Kd1+ 98. Kxg3 d2 99. Kf3 1-0

[Event "3rd OCF Thanksgiving"]
[Site "Stillwater USA"]
[Date "2011.11.27"]
[Round "7.2"]
[White "Orton,W"]
[Black "Holliman,B"]
[Result "1/2-1/2"]
[WhiteElo "2149"]
[BlackElo "2070"]
[WhiteFideId "2003112"]
[BlackFideId "2031752"]
[EventDate "2011.11.25"]
[EventType "swiss"]

1. e4 e6 2. d4 d5 3. e5 c5 4. c3 Nc6 5. Nf3 Qb6 6. a3 c4 7. Nbd2 Na5 8. Be2 Bd7
9. O-O O-O-O 10. Re1 Kb8 11. Rb1 h6 12. Qc2 Ne7 13. Nf1 Qb3 14. Qxb3 Nxb3 15.
Bf4 Nc8 16. N3d2 Nxd2 17. Bxd2 Ba4 18. Bd1 Bxd1 19. Rbxd1 g6 20. f4 h5 21. Ne3
Be7 22. Rf1 Rh7 23. Rf3 Rdh8 24. Rdf1 Bd8 25. Rh3 Ne7 26. Be1 Kc8 27. Bh4 Nf5
28. Nxf5 exf5 29. Bxd8 Kxd8 30. Re1 Kd7 31. Rhe3 Re8 32. Kf2 Rhh8 33. Kg3 Re6
34. Kh4 Ke7 35. Kg3 1/2-1/2

[Event "3rd OCF Thanksgiving"]
[Site "Stillwater USA"]
[Date "2011.11.27"]
[Round "7.4"]
[White "Berry,Ja"]
[Black "Long,Ja1"]
[Result "0-1"]
[WhiteElo "2003"]
[BlackElo "2019"]
[WhiteFideId "2025990"]
[BlackFideId "2043181"]
[EventDate "2011.11.25"]
[EventType "swiss"]

1. e4 Nf6 2. e5 Nd5 3. c4 Nb6 4. d4 d6 5. f4 Bf5 6. Be3 e6 7. Nf3 Be7 8. Nc3 O-O
9. Bd3 Bxd3 10. Qxd3 Nc6 11. O-O dxe5 12. fxe5 f6 13. Rad1 fxe5 14. d5 exd5 15.
cxd5 Nb4 16. Qe4 Na6 17. Nxe5 Bd6 18. Rxf8+ Qxf8 19. Bxb6 axb6 20. Nd7 Qe7 21.
Qg4 Nc5 22. Nxc5 Bxc5+ 23. Kh1 Re8 24. h3 Bd6 25. Rf1 Qe5 0-1

[Event "3rd OCF Thanksgiving"]
[Site "Stillwater USA"]
[Date "2011.11.27"]
[Round "7.9"]
[White "Hatcher,Wayne L"]
[Black "Dutiel,Tony"]
[Result "1-0"]
[WhiteElo "1932"]
[BlackElo "1957"]
[WhiteFideId "2059975"]
[BlackFideId "2022079"]
[EventDate "2011.11.25"]
[EventType "swiss"]

1. c4 e5 2. g3 f5 3. Bg2 Nf6 4. Nc3 c6 5. d4 e4 6. e3 d5 7. b3 Be6 8. cxd5 Bb4
9. Bd2 Nxd5 10. Nxd5 Bxd2+ 11. Qxd2 Bxd5 12. h4 Qe7 13. Ne2 Nd7 14. Nf4 Nf6 15.
Bf1 O-O 16. Be2 a5 17. O-O a4 18. Bc4 Rfd8 19. Rfd1 Kf7 20. Rac1 axb3 21. Bxb3
Bxb3 22. axb3 Ra3 23. b4 Nd5 24. Rc5 g6 25. Nxd5 Rxd5 26. Qc2 Rxc5 27. bxc5 Ra8
28. Rb1 Rb8 29. Rb6 Ke8 30. Qb2 Qd7 31. d5 Kd8 32. dxc6 Qd1+ 33. Kh2 Qf1 34.
Rxb7 Rxb7 35. cxb7 1-0

[Event "3rd OCF Thanksgiving"]
[Site "Stillwater USA"]
[Date "2011.11.27"]
[Round "7.11"]
[White "Anderson,M"]
[Black "Latino,C"]
[Result "1-0"]
[WhiteElo "1837"]
[BlackElo "2018"]
[WhiteFideId "2038757"]
[BlackFideId "2027275"]
[EventDate "2011.11.25"]
[EventType "swiss"]

1. Nf3 f5 2. b3 Nf6 3. Bb2 e6 4. g3 d5 5. Bg2 Bd6 6. O-O O-O 7. Ne5 Nbd7 8. f4
Ne4 9. e3 Ndf6 10. d3 Nc5 11. Nd2 Bd7 12. Ndf3 Be8 13. Ng5 Qe7 14. Bf3 c6 15.
Qe2 Nfd7 16. Nxd7 Nxd7 17. Qg2 e5 18. Rae1 e4 19. dxe4 dxe4 20. Be2 Nb6 21. Rd1
h6 22. Nh3 Bf7 23. g4 Bc5 24. gxf5 Bxe3+ 25. Kh1 Bd5 26. c4 Rxf5 27. cxd5 cxd5
28. Qg3 Bc5 29. Rc1 Bd6 30. Bd4 g5 31. Qg4 Raf8 32. fxg5 Rxf1+ 33. Rxf1 Rxf1+
34. Bxf1 Qf8 35. gxh6+ Kh7 36. Qg7+ Qxg7 37. hxg7 Nc8 38. Ng5+ Kg8 39. Bh3 Ne7
40. Be6# 1-0

[Event "3rd OCF Thanksgiving"]
[Site "Stillwater USA"]
[Date "2011.11.27"]
[Round "8.1"]
[White "Crumpler,Ken"]
[Black "Latino,C"]
[Result "0-1"]
[WhiteElo "1753"]
[BlackElo "2018"]
[WhiteFideId "2054647"]
[BlackFideId "2027275"]
[EventDate "2011.11.25"]
[EventType "swiss"]

1. e4 g6 2. Nc3 Bg7 3. f4 d6 4. Nf3 e5 5. Bc4 Ne7 6. d3 Nbc6 7. a3 exf4 8. Bxf4
Ne5 9. Ba2 N7c6 10. Qd2 Nxf3+ 11. gxf3 Nd4 12. Rf1 Bh3 13. Rf2 Qh4 14. Bg3 Qh5
15. O-O-O Ne6 16. Kb1 O-O-O 17. Qe1 Qa5 18. f4 Bd4 19. f5 Bxf2 20. Qxf2 gxf5 21.
exf5 Bxf5 22. Nd5 Bg6 23. Ne7+ Kb8 24. Nxg6 hxg6 25. Qxf7 Nd4 26. Qxg6 Ne2 27.
Be1 Qh5 28. Qxh5 Rxh5 29. Bg3 Nxg3 30. hxg3 Rg5 31. Rg1 d5 32. Kc1 c6 33. Kd2
Rdg8 34. Kc3 Rxg3 35. Rxg3 Rxg3 36. b4 Kc7 37. Bb3 Kd6 38. Kb2 Ke5 39. Kc3 Rg1
40. a4 Re1 41. Kd2 Rh1 42. Kc3 Rh2 43. Kb2 Kd4 0-1

[Event "3rd OCF Thanksgiving"]
[Site "Stillwater USA"]
[Date "2011.11.27"]
[Round "8.4"]
[White "Johnson,C"]
[Black "Giminez,Randy"]
[Result "1/2-1/2"]
[WhiteElo "1885"]
[BlackElo "1811"]
[WhiteFideId "2021919"]
[BlackFideId "2047349"]
[EventDate "2011.11.25"]
[EventType "swiss"]

1. d4 d6 2. e4 Nd7 3. f4 e5 4. dxe5 dxe5 5. Nf3 Bd6 6. Bc4 Ngf6 7. Nc3 exf4 8.
Qe2 O-O 9. Bd2 c6 10. O-O-O b5 11. Bb3 Qe7 12. Nd4 Nc5 13. e5 Nxb3+ 14. axb3
Bxe5 15. Nxc6 Qc7 16. Nxe5 Re8 17. Nxb5 Qc5 18. b4 Rxe5 19. bxc5 Rxe2 20. Bxf4
Bf5 21. Nd4 Re4 22. Nxf5 Rxf4 23. Ne7+ Kf8 24. Nc6 Rc8 25. Rd8+ Rxd8 26. Nxd8
Ke8 27. Rd1 Nd7 28. c6 Kxd8 29. Rxd7+ Kc8 30. b4 Rxb4 31. Rxf7 Rg4 32. g3 a5 33.
Kb2 Rg6 34. c7 h5 35. Kb3 a4+ 36. Kxa4 Rg4+ 37. Kb5 h4 38. gxh4 Rxh4 39. Rxg7
Rxh2 40. c4 Rh5+ 41. c5 Rh6 42. Rf7 Rg6 43. Re7 Rf6 44. Kc4 Rc6 45. Kb5 Rxc7 46.
Rxc7+ Kxc7 47. c6 1/2-1/2

[Event "3rd OCF Thanksgiving"]
[Site "Stillwater USA"]
[Date "2011.11.27"]
[Round "8.5"]
[White "Dutiel,Tony"]
[Black "Berry,Ja"]
[Result "0-1"]
[WhiteElo "1957"]
[BlackElo "2003"]
[WhiteFideId "2022079"]
[BlackFideId "2025990"]
[EventDate "2011.11.25"]
[EventType "swiss"]

1. e4 e5 2. Nf3 Nc6 3. Bc4 Nf6 4. Ng5 d5 5. exd5 Nd4 6. d3 b5 7. c3 bxc4 8. cxd4
Qxd5 9. dxc4 Bb4+ 10. Bd2 Bxd2+ 11. Nxd2 Qxd4 12. O-O O-O 13. b3 Bb7 14. Qe2 e4
15. Rfe1 Rfe8 16. Rad1 Qc5 17. Nh3 Re7 18. Nf1 Rae8 19. Ne3 Qe5 20. Ng4 Nxg4 21.
Qxg4 Bc8 22. Qg3 Qb2 23. a4 h6 24. Nf4 e3 25. Rxe3 Qxb3 26. Nd5 Qxd1+ 27. Re1
Rxe1# 0-1

[Event "3rd OCF Thanksgiving"]
[Site "Stillwater USA"]
[Date "2011.11.27"]
[Round "8.8"]
[White "Wharry,S"]
[Black "Chikkala,Srikar"]
[Result "0-1"]
[WhiteElo "2033"]
[BlackElo "1810"]
[WhiteFideId "2032945"]
[BlackFideId "2022249"]
[EventDate "2011.11.25"]
[EventType "swiss"]

1. e4 e5 2. Nf3 Nc6 3. Bb5 Nf6 4. O-O Bc5 5. d3 d6 6. h3 h6 7. Qe2 O-O 8. c3 a6
9. Ba4 b5 10. Bc2 Re8 11. Nh2 d5 12. Nd2 d4 13. a4 Be6 14. Kh1 Qd6 15. Nb3 Nd7
16. Bd2 Red8 17. Nxc5 Nxc5 18. b4 Nb3 19. Ra3 Nxd2 20. Qxd2 dxc3 21. Qxc3 Qxb4
22. axb5 axb5 23. Qxb4 Nxb4 24. Rxa8 Rxa8 25. Bb1 Ra1 26. Kg1 f5 27. Nf3 Ba2 28.
Bxa2+ Rxa2 29. Rb1 Nxd3 30. Rxb5 Ra1+ 31. Kh2 fxe4 0-1

[Event "3rd OCF Thanksgiving"]
[Site "Stillwater USA"]
[Date "2011.11.27"]
[Round "8.9"]
[White "Braunlich,T"]
[Black "Hatcher,Wayne L"]
[Result "1-0"]
[WhiteElo "2191"]
[BlackElo "1932"]
[WhiteFideId "2017016"]
[BlackFideId "2059975"]
[EventDate "2011.11.25"]
[EventType "swiss"]

1. d4 d5 2. Nf3 Nf6 3. e3 c6 4. c4 a6 5. Nc3 e6 6. Bd3 dxc4 7. Bxc4 b5 8. Bd3
Bb7 9. Qe2 Nbd7 10. e4 b4 11. Na4 Be7 12. O-O c5 13. dxc5 Nxc5 14. Nxc5 Bxc5 15.
Bb5+ Kf8 16. Bd3 Qb6 17. h3 Rd8 18. Ne5 a5 19. Nc4 Qc7 20. Kh1 h5 21. Bg5 Rxd3
22. Bxf6 Rd7 23. Be5 Qd8 24. Rad1 Bd4 25. Bxd4 Rxd4 26. Rxd4 Qxd4 27. Rd1 Qf6
28. Nxa5 Bc8 29. Qc4 g6 30. Qxc8+ Kg7 31. Qc2 Ra8 32. Nc4 Rxa2 33. Qb3 Ra7 34.
Qe3 Rc7 35. b3 Qe7 36. Qd4+ Kh7 37. Qd6 Qxd6 38. Rxd6 1-0

[Event "ITT Pre Jahv Mcgregor"]
[Site "Silvania COL"]
[Date "2011.11.30"]
[Round "1"]
[White "Rios,Cr"]
[Black "Ortiz Suarez,I"]
[Result "1/2-1/2"]
[WhiteTitle "FM"]
[BlackTitle "GM"]
[WhiteElo "2388"]
[BlackElo "2553"]
[WhiteFideId "4403940"]
[BlackFideId "3507165"]
[EventDate "2011.11.30"]

1. e4 c5 2. Nf3 d6 3. d4 cxd4 4. Nxd4 Nf6 5. Nc3 a6 6. h3 e5 7. Nde2 h5 8. Bg5
Be7 9. Ng3 g6 10. Bc4 Nbd7 11. a4 h4 12. Nge2 Nc5 13. Bxf6 Bxf6 14. b4 Ne6 15.
Nd5 Nf4 16. Nexf4 exf4 17. Nxf6+ Qxf6 18. Ra3 Be6 19. Bxe6 Qxe6 20. O-O Rc8 21.
Rf3 Qe5 22. Qd2 O-O 23. Rd1 Rfe8 24. Qxf4 Qxf4 25. Rxf4 Rxc2 26. Rxd6 Rc4 27.
Rb6 Rexe4 28. Rxe4 Rxe4 29. Rxb7 a5 30. bxa5 Rxa4 31. Ra7 Ra1+ 32. Kh2 Ra2 33.
f3 Kg7 34. a6 g5 35. Kg1 Kg6 36. Ra8 Kf5 37. a7 Kf4 38. Re8 Rxa7 39. Re4+ Kf5
40. g4+ hxg3 41. Kg2 Kg6 42. Kxg3 f5 43. Rb4 Kh5 44. h4 f4+ 45. Kh3 Ra3 46. hxg5
Rxf3+ 47. Kg2 Rg3+ 48. Kf2 Kxg5 49. Rb8 Ra3 1/2-1/2

[Event "ITT Pre Jahv Mcgregor"]
[Site "Silvania COL"]
[Date "2011.11.30"]
[Round "1"]
[White "Shoker,S"]
[Black "Uribe Arteaga,D"]
[Result "1-0"]
[WhiteTitle "IM"]
[WhiteElo "2512"]
[BlackElo "2228"]
[WhiteFideId "627143"]
[BlackFideId "4403320"]
[EventDate "2011.11.30"]

1. Nf3 Nf6 2. g3 b5 3. Bg2 Bb7 4. O-O e6 5. d3 d5 6. Nbd2 Be7 7. e4 O-O 8. e5
Nfd7 9. Re1 c5 10. h4 Nc6 11. Nf1 Re8 12. N1h2 f5 13. exf6 Bxf6 14. Ng4 e5 15.
c4 Nd4 16. Nxd4 cxd4 17. cxb5 e4 18. Nxf6+ Qxf6 19. Bg5 Qd6 20. Bf4 Qb4 21. a4
Nc5 22. dxe4 dxe4 23. Bd6 Rad8 24. Qh5 e3 25. fxe3 Qxb2 26. Bd5+ Kh8 27. Bxb7
Nxb7 28. Be5 Qc2 29. Rac1 Qd2 30. Bxg7+ 1-0

[Event "ITT Pre Jahv Mcgregor"]
[Site "Silvania COL"]
[Date "2011.11.30"]
[Round "1"]
[White "Martinez Romero,M"]
[Black "Becerra,J"]
[Result "0-1"]
[WhiteElo "2343"]
[BlackElo "2280"]
[WhiteFideId "4404025"]
[BlackFideId "4404998"]
[EventDate "2011.11.30"]

1. e4 c5 2. Nf3 d6 3. d4 cxd4 4. Nxd4 Nf6 5. Nc3 a6 6. h3 g6 7. g4 Bg7 8. Be3
Bd7 9. g5 Nh5 10. Be2 Nc6 11. Nb3 Bxc3+ 12. bxc3 Ng7 13. h4 Qc7 14. Qd2 Rc8 15.
f4 Na5 16. Nxa5 Qxa5 17. c4 Qa4 18. Bd4 O-O 19. Bb2 Be6 20. Qd4 f6 21. h5 Bxc4
22. hxg6 Ne6 23. Bxc4 Rxc4 24. Qd5 Rxe4+ 25. Kd1 Rc8 26. Rc1 Rcc4 27. gxh7+ Kh8 0-1

[Event "ITT Pre Jahv Mcgregor"]
[Site "Silvania COL"]
[Date "2011.12.01"]
[Round "2"]
[White "Ortiz Suarez,I"]
[Black "Becerra,J"]
[Result "1-0"]
[WhiteTitle "GM"]
[WhiteElo "2553"]
[BlackElo "2280"]
[WhiteFideId "3507165"]
[BlackFideId "4404998"]
[EventDate "2011.11.30"]

1. e4 c5 2. Nf3 d6 3. d4 cxd4 4. Nxd4 Nf6 5. Nc3 a6 6. Bg5 e6 7. f4 Qc7 8. Qe2
Nbd7 9. O-O-O b5 10. a3 Bb7 11. g4 Rc8 12. Bxf6 gxf6 13. h4 Qb6 14. Rh3 Nc5 15.
f5 e5 16. Nd5 Qd8 17. Nf3 Na4 18. g5 Be7 19. Kb1 Nb6 20. Nxf6+ Bxf6 21. gxf6
Qxf6 22. Qe3 Rc6 23. Nd2 O-O 24. Nb3 Nc4 25. Bxc4 bxc4 26. Na5 Rb8 27. Qa7 Qd8
28. Rg3+ 1-0

[Event "ITT Pre Jahv Mcgregor"]
[Site "Silvania COL"]
[Date "2011.12.01"]
[Round "2"]
[White "Rojas Barrero,A"]
[Black "Martinez Romero,M"]
[Result "0-1"]
[WhiteElo "2249"]
[BlackElo "2343"]
[WhiteFideId "4404149"]
[BlackFideId "4404025"]
[EventDate "2011.11.30"]

1. e4 c5 2. Nf3 d6 3. d4 cxd4 4. Nxd4 Nf6 5. Nc3 Nc6 6. Be3 e5 7. Nb3 Be7 8. f3
O-O 9. Qd2 a5 10. Bb5 Be6 11. Rd1 Na7 12. Be2 Nc8 13. O-O Nb6 14. Qe1 Nc4 15.
Bxc4 Bxc4 16. Rf2 Qc7 17. Rfd2 b5 18. Qf2 Ra6 19. Nc1 b4 20. N3e2 Rd8 21. Ng3
Be6 22. Nd3 Rc6 23. Qe2 h6 24. b3 d5 25. h3 Rc8 26. Ne1 d4 27. Bf2 g5 28. Nf1
Nh5 29. Bg3 Bd7 30. Bh2 Nf4 31. Bxf4 gxf4 32. Rc1 Kh7 33. Nd3 Rg8 34. Kh2 Rcg6
35. Qe1 Qd6 36. Re2 Qf6 37. Qd2 Qg5 0-1

[Event "ITT Pre Jahv Mcgregor"]
[Site "Silvania COL"]
[Date "2011.12.01"]
[Round "2"]
[White "Uribe Arteaga,D"]
[Black "Cordova,E"]
[Result "0-1"]
[BlackTitle "GM"]
[WhiteElo "2228"]
[BlackElo "2538"]
[WhiteFideId "4403320"]
[BlackFideId "3801497"]
[EventDate "2011.11.30"]

1. e4 e6 2. d4 d5 3. exd5 exd5 4. c4 Nf6 5. Nc3 Be7 6. Nf3 O-O 7. cxd5 Nxd5 8.
Bd3 Nc6 9. O-O Bf6 10. Re1 Bg4 11. h3 Bxf3 12. Qxf3 Ndb4 13. d5 Nxd3 14. Qxd3
Nb4 15. Qf5 g6 16. Qb1 Nxd5 17. Bh6 Bg7 18. Bxg7 Kxg7 19. Rd1 Nxc3 20. bxc3 Qc8
21. Qb4 Re8 22. Rd2 c5 23. Qf4 Qc6 24. Rd6 Qe4 25. Qf6+ Kg8 26. Rd7 Rf8 27. Rad1
Rae8 28. Qd6 Qf5 29. Rd2 Re6 30. Qd5 Qf6 31. Rxb7 Qxc3 32. Rxa7 Re5 33. Qd3 Re1+
34. Kh2 Qc1 35. Qc2 Rh1+ 36. Kg3 Qe1 37. Re2 Qg1 38. Qxc5 h5 39. Qc7 h4+ 40.
Kxh4 Qxg2 41. Re3 Rxh3+ 42. Rxh3 g5+ 43. Kh5 Qxh3+ 44. Kxg5 f6+ 45. Kg6 Qg4+ 0-1

[Event "ITT Pre Jahv Mcgregor"]
[Site "Silvania COL"]
[Date "2011.12.01"]
[Round "2"]
[White "Rios,Cr"]
[Black "Zuluaga,C"]
[Result "1/2-1/2"]
[WhiteTitle "FM"]
[BlackTitle "FM"]
[WhiteElo "2388"]
[BlackElo "2365"]
[WhiteFideId "4403940"]
[BlackFideId "4401492"]
[EventDate "2011.11.30"]

1. d4 d5 2. c4 c6 3. Nc3 Nf6 4. Nf3 a6 5. c5 Bf5 6. Bf4 Nbd7 7. h3 h6 8. e3 e6
9. Nd2 Be7 10. Be2 g5 11. Bh2 h5 12. Qb3 Ra7 13. Bd1 g4 14. Bc2 gxh3 15. gxh3
Bxh3 16. Bg3 Bf5 17. Bxf5 exf5 18. f3 h4 19. O-O-O Nh5 20. Bh2 b6 21. cxb6 Nxb6
22. Kb1 a5 23. Na4 Nxa4 24. Qxa4 Qb6 25. Nb3 Qb5 26. Qxb5 cxb5 27. Rc1 O-O 28.
Rcg1+ Kh7 29. Bd6 Rg8 30. Rxg8 Kxg8 31. Bxe7 Rxe7 32. Rxh4 Ng7 33. Nxa5 Rxe3 34.
Rh3 Ne6 35. Nc6 Kf8 36. a3 Ng5 37. Rh5 f6 38. f4 Rh3 39. Rxh3 Nxh3 40. b4 Nxf4
41. a4 Ke8 42. axb5 Kd7 43. Kc2 Ne6 44. Kd3 f4 45. Na5 Kc7 46. Nb3 Kb6 47. Nc5
Nf8 48. Na4+ Kxb5 49. Nc3+ Kxb4 1/2-1/2